| 000 | 00538nam a2200181 i 4500 | ||
|---|---|---|---|
| 001 | 58604 | ||
| 003 | ES-MaACL | ||
| 005 | 20230906163838.0 | ||
| 007 | t| | ||
| 008 | 031023s1968 sp ||||1| spa d | ||
| 100 | 1 |
_aEastlake, William. _946450 |
|
| 245 | 1 | 3 |
_aEl guardián del castillo / _cWilliam Eastlake ; [traducido por Oscar Luis Molina S.]. |
| 250 | _a[1ª ed.]. | ||
| 260 |
_aBarcelona : _bGrijalbo, _c[1968] |
||
| 300 |
_a220 p. ; _c20 cm. |
||
| 700 | 1 |
_aMolina S., Óscar Luis. _9156706 |
|
| 852 |
_aES-MaACL _jC-35484 _bR.66665 |
||
| 999 |
_c58604 _d58604 |
||